000
00279nam a2200121 a 4500
008
110107s1962|||| d
100
1
_a
Engels, Fridrich
245
1
0
_a
,,Anti - Duhring,,
260
_b
VPL
_a
Bratislava
_c
1962
020
_c
12,90
041
_a
slo
044
_a
xo
_c
SK
999
_c
15566
_d
15566